[Event "American Continental 13th"]
[Site "Medellin"]
[Date "2017.06.17"]
[Round "10"]
[White "Cox, Douglas"]
[Black "Borensztajn, David"]
[Result "1/2-1/2"]
[WhiteElo "1795"]
[BlackElo "1950"]
[PlyCount "38"]
[EventDate "2017.06.10"]
[EventType "swiss"]
[EventRounds "11"]
[EventCountry "COL"]
[SourceTitle "CBM 178 Extra"]
[Source "ChessBase"]
[SourceDate "2017.06.22"]
[SourceVersion "1"]
[SourceVersionDate "2017.06.22"]
[SourceQuality "1"]

1. Nf3 g6 2. c4 Bg7 3. Nc3 c6 4. g3 d6 5. Bg2 Nf6 6. d4 0-0 7. 0-0 a5 8. Qc2 Qc7 9. e4 e5 10. Rd1 Nh5 11. dxe5 dxe5 12. c5 Na6 13. Na4 Nb4 14. Qe2 Be6 15. b3 Rad8 16. Be3 h6 17. Rab1 Rxd1+ 18. Rxd1 Rd8 19. Rd2 Qe7 1/2-1/2